00813cam a22002411 4500001001300000003000400013005001700017008004100034010001700075035002000092040002300112050000800135100005600143245011600199260004600315300001700361500007300378504003100451650001700482650001300499700004200512999001700554ne 68004629 DLC20260227111850.0901002m19671972ua b 000 0 arar  ane 68004629  a(OCoLC)22461808 aDLCcWaUdWaUdDLC00aLAW1 aNuʻmān ibn Muḥammad, Abū Ḥanīfah,d-974.10aTaʼwīl al-Daʻāʼim,ctaʼlīf al-Nuʻmān ibn Muḥammad. Taḥqīq Muḥammad Ḥasan al-Aʻẓamī. a[Miṣr,bDār al-Maʻārifc1967-1972] a3 v.c24 cm. aA guide to the understanding of the author's Daʻāʼim al-Islām. aBibliographical footnotes. 0aIslamic law. 0aShiites.1 aAʻẓamī, Muḥammad Ḥasan,eed. c51096d51096